| 000 | 00822cam a2200301 i 4500 | ||
|---|---|---|---|
| 001 | ocn969619946 | ||
| 003 | TZ-ArACH | ||
| 005 | 20251112130824.0 | ||
| 008 | 160906s2001 fr 000 0 fre d | ||
| 020 | _a2035331196 | ||
| 020 | _a9782035331199 | ||
| 040 |
_aUVA _bcat _cTZ-ArACH |
||
| 049 | _aTZAA | ||
| 050 |
_aPC2143 _b.D81 2004 |
||
| 100 | 1 | _aDubois, Jean. | |
| 245 | 1 | 0 |
_aOrtographe / _cJean Dubois, Françoise Dubois-Charlier et Claude Kannas. |
| 260 |
_aParis : _bLarousse, _c2001. |
||
| 300 |
_a192 p. ; _c24 cm |
||
| 500 | _aÍndex. | ||
| 650 | 0 | 4 |
_aFrench language _xGrammar |
| 650 | 0 | 7 |
_aFrench language _xOrthography |
| 700 | 1 | _aDubois-Charlier, Françoise. | |
| 700 | 1 | _aKannas, Claude. | |
| 730 | _aLivres de bord | ||
| 830 | 0 | _aLivres de bord. | |
| 936 | _aBATCHLOAD | ||
| 942 |
_2lcc _cBOOK |
||
| 999 |
_c7674 _d7674 |
||